01057 2200217 4500001002100000005001500021035002000036001002100056005001500077035002000092245010100112100002100213250001700234300002800251260004100279082000800320084001400328020002200342650001000364520046500374INLIS00000000000016120240510043510 a0010-0524000083INLIS00000000000016020240510120524 a0010-05240000821 aEnsiklopedi Eksperimen Sains Sederhana :bWarna, Magnet, Listrik, dan Cahaya /cTim Listafariska0 aTim Listafariska acetakan ke-1 a68 hlm :bilus ;c25 cm aJakarta :bListafariska Putra,c2006 a503 a503 TIM e a978-979-123-501-5 4aSains aEnsiklopedi ini diperuntukkan buat anak-anak kelas 1 sampai kelas 3 Sekolah Dasar. Ensiklopedi ini berisi percobaan-percobaan sains sederhana dengan menggunakan peralatan-peralatan yang sederhana juga, bahkan dengan menggunakan bahan-bahan apapun yang tersedia. Ensiklopedi pemula ini diharapkan menjadi buku pemula bagi para saintis dan merangsang semangat belajar bagi anak-anak karena dihiasi dengan ilustrasi yang penuh warna dan memikat buat anak-anak.